| 000 | 00674nam a2200265 i 4500 | ||
|---|---|---|---|
| 001 | bgj | ||
| 100 | 1 |
_aKIPLING, Rudyard _d(1865-1936). |
|
| 245 | 1 | 0 |
_aThe Jungle Book / _cRudyard Kipling. |
| 260 |
_aGarden City : _bDoubleday & Company, Inc., _c1950. |
||
| 300 |
_aVII, 303 pp ; _c22 cm. |
||
| 650 | 9 |
_aEnglish fiction _y1837-1900 |
|
| 650 | 9 | _aJungles | |
| 650 | 9 | _aJungle Animals | |
| 650 | 9 | _aAnimals | |
| 650 | 9 | _aBoys | |
| 650 | 9 | _aFeral children | |
| 650 | 9 | _aAdventure stories | |
| 651 | 9 | _aIndia | |
| 655 | _aFiction | ||
| 655 | _aChildren's stories | ||
| 040 | _cBPK | ||
| 041 | 0 | _aeng | |
| 942 | _cKS | ||
| 008 | s uk f |000 0 eng | ||
| 999 |
_c48752 _d48752 |
||